Memoria

Bewaard in:
Bibliografische gegevens
Formaat: Texto
Gepubliceerd in: San José
Tags: Voeg label toe
Geen labels, Wees de eerste die dit record labelt!

MARC

LEADER 00000 a a2200000 04500
001 38681
003
040 |a CRAI/IIS  |c CRAI/IIS 
090 |a 0005 P964p  
245 |a Memoria  
260 |a San José  
300 |a p. irreg.  
500 |a Presentación impresa de Power Point  
999 |c 17551  |d 17551